Drużyny I ligi w sezonie 2024/2025 - Statystyki

Ogólne statystyki
  • Ten quiz został rozwiązany 15 razy
  • Średni wynik to 14 z 18
Statystyki odpowiedzi
Hint Odpowiedź % Poprawnych
1 Arka Gdynia
100%
4 Wisła Kraków
100%
3 Wisła Płock
100%
12 Stal Rzeszów
93%
7 GKS Tychy
87%
16 Kotwica Kołobrzeg
87%
5 Miedź Legnica
87%
6 Polonia Warszawa
87%
11 ŁKS Łódź
73%
10 Ruch Chorzów
73%
13 Chrobry Głogów
67%
9 Górnik Łęczna
67%
14 Odra Opole
67%
15 Pogoń Siedlce
67%
2 Termalica Bruk-Bet Nieciecza
67%
17 Warta Poznań
67%
18 Stal Stalowa Wola
60%
8 Znicz Pruszków
47%
Nie znaleziono quizów pasujących do podanych kryteriów
Rozkład punktacji
Procent ludzi z każdym wynikiem
Percentyl według liczby udzielonych odpowiedzi
Twoja historia wyników
Nie rozwiązałeś tego quizu